000 01042nac a22003257a 4500
001 BR7302325
003 BR-BrBNA
005 20240105113504.0
008 230509b bl.|||m| |||| 00| 0 por d
040 _aBR-BrBNA
_bpor
_cBiblioteca Nacional de Agricultura
072 _aF30; F00
090 _a0430 BR7302325
100 1 _aKalckmann, R.E.
100 1 _aGroszmann, A.
100 1 _aLadeira, J.S.
110 1 _aInstituto Agronomico de Minas Gerais, Belo Horizonte (Brasil)
_95623
245 1 _aEnsaios de variedades de algodao, arroz e milho, no Estado de Minas Gerais. 1943-1946 [Brasil]
260 3 _aBelo Horizonte, MG (Brasil):
_c1948.
300 _a77 p.
490 _aBoletim - Instituto Agronomico de Minas Gerais (Brazil)
_vno. 1
_x
500 _aSummary (En, Pt)
650 _aALGODAO
650 _aMILHO
650 _aARROZ
650 _aCOMPETICAO DE VARIEDADE
650 _aMELHORAMENTO VEGETAL
650 _aESTACAO EXPERIMENTAL
909 _a202312
_bLúcia Elande
_c55
_dLúcia Elande
942 _2AGRIS
_n0
_cMS
999 _c264018
_d264018